| 000 | 00489nam a2200169 i 4500 | ||
|---|---|---|---|
| 001 | 91218 | ||
| 003 | ES-MaACL | ||
| 005 | 20230906180652.0 | ||
| 007 | t| | ||
| 008 | 050128s1946 it ||||1| ita d | ||
| 100 | 1 |
_aLessona, Silvio. _971857 |
|
| 245 | 1 | 3 |
_aLa giustizia amministrativa / _cSilvio Lessona. |
| 250 | _a[2e ed]. | ||
| 260 |
_aFirenze : _bUniversitaria, _c[1946] ( _fStabilimento Tipografico Fiorentino) |
||
| 300 |
_a253 p. ; _c25 cm. |
||
| 852 |
_aES-MaACL _jC-4722 _bR.25195 |
||
| 999 |
_c91218 _d91218 |
||